00497 a2200145 450000500170000002000180001708200130003510000190004824500810006725000120014826000420016030000470020270000450024985600570029420250320060151.0 a0-07-301856-2 a515 HOF aHOFFMANN, L.D. aApplied Calculus: For Business, Economics, and the Social and Life Sciences. a8th Ed. aNew York,bMcgraw- Hill ,Inc,c2000. axxxii,976p.: Ill.; figures.bIndex.c23cm. aGERALD, L. BRADLEY. & KENNETH, H. ROSEN. yAccess Online Book.fApplied Calculus.dwww.mhhe.com